Nguyễn Trãi, đánh giặc cứu nước
Đã lưu trong:
| 主要作者: | |
|---|---|
| 格式: | 圖書 |
| 語言: | Undetermined |
| 出版: |
Hà Nội
Quân Đội Nhân Dân
1973
|
| 主題: | |
| 標簽: |
添加標簽
沒有標簽, 成為第一個標記此記錄!
|
| Thư viện lưu trữ: | Trung tâm Học liệu Trường Đại học Cần Thơ |
|---|
| LEADER | 00520nam a2200169Ia 4500 | ||
|---|---|---|---|
| 001 | CTU_10535 | ||
| 008 | 210402s9999 xx 000 0 und d | ||
| 082 | |a 959.7092 | ||
| 082 | |b B303 | ||
| 100 | |a Nguyễn Lương Bích | ||
| 245 | 0 | |a Nguyễn Trãi, đánh giặc cứu nước | |
| 245 | 0 | |c Nguyễn Lương Bích | |
| 260 | |a Hà Nội | ||
| 260 | |b Quân Đội Nhân Dân | ||
| 260 | |c 1973 | ||
| 650 | |a vietnam - biography | ||
| 980 | |a Trung tâm Học liệu Trường Đại học Cần Thơ | ||